| 000 | 00756nam a22002177a 4500 | ||
|---|---|---|---|
| 999 |
_c20098 _d20098 |
||
| 003 | AR-CdUCM | ||
| 008 | 190527b ||||| |||| 00| 0 spa d | ||
| 040 |
_aMUNICIPALIDAD PROVINCIAL DEL CUSCO _cBIBLIOTECA MUNICIPAL DEL CUSCO |
||
| 082 |
_a869.56 / _bS66 |
||
| 100 |
_aSolari Swayne, Manuel _942054 |
||
| 245 | _aLanza en ristre / | ||
| 260 |
_aLima : _bBanco industrial del Perú, _c1982. |
||
| 300 |
_a147 páginas ; _bFotografias, imagenes _c27 cm |
||
| 505 | _aContenido : A la Autoridades -- Opiniones -- Lima -- Departamentos. | ||
| 650 |
_aDefensa de la cultura nacional _942055 |
||
| 650 |
_aColumnas del diario comercio _942056 |
||
| 650 |
_aValores culturales _942057 |
||
| 650 |
_aPeruanidad _92670 |
||
| 942 |
_2ddc _cFOLLETOS |
||
| 945 | _arcc | ||